000 00468nam a2200133Ia 4500
008 100328s9999 xx 000 0 und d
082 _b32412
100 _aपरांजपे शि.म.
245 _aकाळांतील निवडक निबंध 2
260 _bय.गो.जोशी
630 _aकाळांतील निवडक निबंध 2
730 _aकाळांतील निवडक निबंध 2
942 _cBOOK
999 _c523202
_d523199